Marketingový mix medzinárodne činného podniku bakalárska práca

Gespeichert in:
Bibliographische Detailangaben
1. Verfasser: Bede, Krisztina
Körperschaft: Fakulta podnikového manažmentu EU. Katedra manažmentu
Weitere Verfasser: Procházková, Katarína, 1983-
Format: Buch
Sprache:Slowakisch
Veröffentlicht: Bratislava 2018
Tags: Tag hinzufügen
Keine Tags, Fügen Sie das erste Tag hinzu!

MARC

LEADER 00000nbm a2200000 4500
001 0244697
005 20180918144020.3
041 0 |a slo 
044 |a SK 
245 1 0 |a Marketingový mix medzinárodne činného podniku  |b bakalárska práca  |c Krisztina Bede ; školiteľ: Katarína Procházková 
264 1 |a Bratislava  |c 2018 
300 |a 57 s. 
100 1 |a Bede, Krisztina 
700 1 |a Procházková, Katarína, 1983- 
710 2 |a Fakulta podnikového manažmentu EU. Katedra manažmentu